000 00969na a2200265 4500
001 16601
003 MIRAKIL
005 20181213154818.0
008 161012b tu 000 0
035 _a16601
040 _aMilas
_btur
_cTR-AnCHP
041 _atur
082 _a324.64
_bS31 1998
090 _a324.64 S31 1998
245 _aSeçmen ve siyasal partiler
_b"RP'den sonra" siyasal tercih değişiklikleri
_bGaziantep-Adana-Bursa-Samsun-Eskişehir-Diyarbakır-İzmir-Ankara-İstanbul
_cİletişim Vakfı
246 _a"RP'den sonra" siyasal tercih değişiklikleri
260 _a[1998]
_bİletişim Vakfı
_c1998
300 _a17 s.
_bsondan 56 s. tbl.
_c30 sm.
650 _aSeçimler
_xOy verme araştırması
650 _aSiyasal partiler
_xOy verme araştırması
_ySeçmenler
650 _aSiyasal tercih
_xSeçmen davranışı
650 _aSiyasal katılma
_xSeçmen davranışı
650 _aOy verme araştırması
_zTürkiye
942 _2dcc
_cBKS
999 _c1300
_d1300